000 00869nam a2200217 a 4500
008 071010s1995 ||||||||||||||||| || u
020 _a0821334891
050 _aIBRD(06)DD/1995/3
100 _aVarangis, Panos
245 1 0 _aManaging commodity booms and busts
_cBy Panos Varangis; Takamasa Akiyama; Donald Mitchell
260 _aWashington, D. C.
_bWorld Bank
_c1995
300 _ax, 22p.: ill.
350 _a0.00
490 _aDirections in development
650 0 _aFINANCE--DEVELOPING COUNTRIES
650 _aCOMMODITY FUTURES--DEVELOPING COUNTRIES
650 _aPRIMARY COMMODITIES--PRICES--DEVELOPING COUNTRIES--FORECASTING
700 _aAkiyamasa, Takamasa
700 _aMitchell, Donald
995 _D0.00
_FCBU-MAIN LIBRARY (Kitwe)
_H1
_I0.00
_M2
_UAVAILABLE
_WOct 10, 2007
_ZInternational Publications
999 _c50132
_d50132